000 00703nam a2200229Ia 4500
999 _c2639
_d2639
008 230120s2022||||ii ad||gd|||||||1 ||und||
020 _a9789354640285
_cRs. 849.00
040 _aKO
_beng
041 0 _aeng
082 0 4 _a338.5024658
_bSa499
_223
100 1 _aSamuelson, William F.
245 1 0 _aManagerial Economics: An Indian Adaptation /
_cWilliam F.Samuelson, Stephen G. Marks and Jay L. Zagorsky
250 _a9th ed.
260 _aNew Delhi :
_bWiley India Pvt Ltd.,
_c2022
300 _axxiv, 528 p.
_b :
_c; 26 cm.
650 0 _aManagerial economics
_vTextbooks
700 1 _aMarks, Stephen G.
_eaut
700 1 _aZagorsky, Jay L.
_eaut
904 _aA_BOSE
942 _cBK